000 00658nam a2200241 i 4500
003 DO-SdBNP
005 20260505130440.0
007 ta
008 260505b2000 dr a|||| |||| 00| 0 spa d
020 _a9789945295900
040 _aDO-SdBNP
_bspa
_cBNPHU
_erda
041 _aspa
082 4 _axxx
_bxxx
_222
245 0 0 _aPiénsalo bien
264 1 _aSanto Domingo :
_beditor no identificado,
_c2000.
300 _a46 páginas :
_bilustraciones ;
_c23 cm.
336 _atexto
_btxt
_2rdacontent
337 _asin mediación
_bn
_2rdamedia
338 _avolumen
_bnc
_2rdacarrier
590 _aInventariado, 2026/BT
910 _aBtavárez
942 _2ddc
_cLBS1
999 _c60663
_d60663